00653 a2200193 4500999001500000010001400015020002300029035001300052037001500065082001000080100002200090245006700112260004400179270004700223300002900270500002000299942002900319952011100348 c4750d4750 aENG-86537 a8120330676c195.00 aEN-70070 bDBAD / PUB14a005.31 aMurray, Katherine1 aFirst book 2007 microsoft office system /cby Katherine Murray aNew DelhibPrentice Hall of Indiac2006 aM-97, Connaught CircusbNew Delhie110 001 axviii, 199 pc24cm (Pbk) aincludes index adplcEN2ddch005.3mMUR 001040718NFICaDBADbDBADeDBAD/PUBg195.00l0o005.3 MURpEN-70070r2008-09-15 00:00:00t1v195.00yEN